Laws of the Republic of Uganda Enacted in 2001 / (Record no. 5258)

MARC details
000 -LEADER
fixed length control field 00811nam a22001697a 4500
008 - FIXED-LENGTH DATA ELEMENTS--GENERAL INFORMATION
fixed length control field 130213t xxu||||| |||| 00| 0 eng d
082 ## - DEWEY DECIMAL CLASSIFICATION NUMBER
Edition number 22 ed.
Classification number 348.6761
Item number UGA
100 ## - MAIN ENTRY--PERSONAL NAME
Personal name Uganda Law Reform Commission
9 (RLIN) 6902
245 ## - TITLE STATEMENT
Title Laws of the Republic of Uganda Enacted in 2001 /
Statement of responsibility, etc Uganda Law Reform Commission
260 ## - PUBLICATION, DISTRIBUTION, ETC. (IMPRINT)
Place of publication, distribution, etc Uganda
300 ## - PHYSICAL DESCRIPTION
Extent v, 350 P. ;
Dimensions 26 cm.
650 ## - SUBJECT ADDED ENTRY--TOPICAL TERM
Topical term or geographic name as entry element Laws of the Republic of Uganda
9 (RLIN) 6903
650 ## - SUBJECT ADDED ENTRY--TOPICAL TERM
Topical term or geographic name as entry element Laws of the Republic of Uganda Enacted in 2001
9 (RLIN) 6907
942 ## - ADDED ENTRY ELEMENTS (KOHA)
Source of classification or shelving scheme Dewey Decimal Classification
Item type Books
Holdings
Withdrawn status Lost status Source of classification or shelving scheme Damaged status Not for loan Home library Current library Shelving location Date acquired Total Checkouts Full call number Barcode Date last seen Price effective from Koha item type Public note
    Dewey Decimal Classification     Law Development Centre Main Library Law Development Centre Main Library Text Books and Laws 02/13/2013   348.6761 UGA 4265/2013 02/13/2013 02/13/2013 Books Reserve
    Dewey Decimal Classification     Law Development Centre Main Library Law Development Centre Main Library Text Books and Laws 02/13/2013   348.6761 UGA 4265/2014 02/13/2013 02/13/2013 Books Reserve